Регионална библиотека "Любен Каравелов" - Русе

Изобретяването на Европа (Запис номер 81432)

MARC детайли
000 -Лидер
Контролно поле с фиксирана дължина 01944nam a2200433 c 4500
003 - Код на организацията, давaща контролен номер
Контролно поле BLK
005 - Дата и час на последна редакция
Контролно поле 20241108162959.0
008 - Елементи от данни с фиксирана дължина
fixed length control field 180408b bul|||||r ||||||| ||bul||
010 ## - Наследен системен номер
LC control number KNG00085936000
020 ## - Международен стандартен номер на книга ISBN
Международен стандартен номер на книга ISBN 978-954-533-090-2
-- издат.: Кралица МАБ
040 ## - Източник на каталожния запис
Идентификатор на билиотеката - собственик на записа BLK
041 ## - Код за език
Код за езика на текст/звукозапис или на отделно заглавие Български
Код за езика КДБФ Български
072 #7 - Код за тематичната категория
Код организация bullib
Код за тематична категория Е
Текст Картотека "Европейски съюз"
080 ## - УДК
Текстов определител УДК Европейски съюз - политически аспекти
УДК код - определител по УДК 327.7:061.1ЕС
УДК определител (091)
УДК - код + определител 327.7:061.1ЕС(091)
080 ## - УДК
Текстов определител УДК Европейски съюз (икон. аспекти)
УДК код - определител по УДК 339.923:061.1ЕС
УДК определител (091)
УДК - код + определител 339.923:061.1ЕС(091)
100 1# - Редна дума - Автор
Автор Рот, Франсоа
Авторска отговорност първи автор
R(LIN) 300101
139 ## - Редно поле
Редна дума Рот, Франсоа
Авторски знак Рот - Р 87
245 10 - Сведения за заглавието
Заглавие Изобретяването на Европа
Подзаглавни данни От Европа на Жан Моне до Европейския съюз
Редно поле (дума) Франсоа Рот; прев. Гриша Атанасов.
257 ## - Страна на издаване
Страна на създаване/издаване Франция
260 ## - Област на издателските данни
-- София
Име на издателя, разпространителя и проч. Кралица МАБ
Година на издаване 2008
Печатница София : Експреспринт
300 ## - Физическа характеристика
Страници 256 с.
Размери/Мащаб 20 см
380 ## - Жанр
Жанр Обществени науки
500 ## - Общи забележки
Забележка Ориг. загл. L'invention de l'Europe. De l'Europe de Jean Monnet a l'Union europenne / Francois Roth. - Офс. изд. - Съдържа и Съкращения ; Обща хронология. - Библиогр. с. 249-250.
504 ## - Забележка за наличие на библиография и др
Забележка за наличие на библиография и под. 249-250
590 ## - Забележки на библиотеката, притежаваща документа (RLIN)
Служебно ф
650 #4 - Допълнително описание по предмет – тема
Основно описание – тема или топоним Европейски съюз
9 (RLIN) 258188
651 #4 - Допълнително описание по предмет - топоним
Географско понятие Европейски съюз
9 (RLIN) 258188
651 #4 - Допълнително описание по предмет - топоним
Географско понятие Европа
9 (RLIN) 244407
653 ## - Ключова дума – ненормативна
Ключова дума Европейски съюз
653 ## - Ключова дума – ненормативна
Ключова дума история
659 ## - Тематичен бюлетин
Тематичен бюлетин Е
700 ## - Други автори (авторска отговорност)
Лично име Атанасов, Гриша Александров
Дати, свързани с автора 1957-
9 (RLIN) 382230
852 ## - Местоположение
Форматна сигнатура Цб 241550
856 4# - Електронен адрес и достъп
Електронен формат pdf - файл
Път до файла /url/
856 4# - Електронен адрес и достъп
Електронен формат pdf - файл
Път до файла /url/
942 ## - АРТИКУЛИ
Вид на библиотечния материал Книги
Скрит в OPAC Не
Koha issues (borrowed), all copies 2
944 ## - СЪЗДАВАНЕ И РЕДАКЦИЯ на ЗАПИСА
Създаване/Редакция Създаване
Дата на регистрацията/редакция 17.10.2008
Служител, извършил регистрацията/редакцията 30530
Статус, дата на статуса Минев Младен
944 ## - СЪЗДАВАНЕ И РЕДАКЦИЯ на ЗАПИСА
Създаване/Редакция Редакция
Дата на регистрацията/редакция 11.09.2009
Служител, извършил регистрацията/редакцията
999 ## - СИСТЕМНИ КОНТРОЛНИ НОМЕРА
Koha biblionumber 81432
Koha biblioitemnumber 81432
Наличности
Код за отписване Код за изгубен артикул Код за повреда Коз за рестрикции Код за отдаване Артикулен № Име на библиотеката - собственик Име на библиотеката, в която се намира в момента Статус (Текущо местоположение) Дата на вписване в системата Местоположение - отдел Цена в лева Инвентарен номер Систематично азбучна сигнатура Баркод Номер на екземпляра Цена в евро Служебна бележка Служебен тип на артикула
  Не е изгубен Не е повреден без рестрикции заемане за дома 132107 Регионална библиотека "Любен Каравелов" Русе Регионална библиотека "Любен Каравелов" Русе Заемна - подръчен фонд 2008-10-04 Заемна - подръчен фонд 8.00 120000730315 П 327.7/Р 87 120000730315 1 4.09 Дост: Pk Вид: Ф N: 8545 Дата: 03.10.2008 Дата инв: 06.02.2018 Бележки инв: П2018 Книги
  Не е изгубен Не е повреден без рестрикции ползва се в читалня 132108 Регионална библиотека "Любен Каравелов" Русе Регионална библиотека "Любен Каравелов" Русе Читалня 2008-10-04 Читалня 8.00 120000730316 Ч 327/Р 87 120000730316 2 4.09 Дост: Pk Вид: Ф N: 8545 Дата: 03.10.2008 Дата инв: 29.03.2017 Бележки инв: Ч2017 Книги
  Не е изгубен Не е повреден без рестрикции ползва се в читалня 132109 Регионална библиотека "Любен Каравелов" Русе Регионална библиотека "Любен Каравелов" Русе Хранилище 2009-09-11 Хранилище 8.00 120000738045 Цб 241550 120000738045 3 4.09 Дост: Dp Вид: Д N: 13 Дата: 18.03.2009 Книги
Vip Innovations Ltd, Rousse, Bulgaria 2025